Теория вероятностей: учебное пособие

Bibliografiske detaljer
Hovedforfatter: Тутубалин В. Н. Валерий Николаевич
Summary:В учебном пособии излагается основное математическое содержание теории вероятностей и даются разнообразные примеры ее применения, в том числе основные приемы статистической обработки наблюдений. Понятия меры и интеграла Лебега в книге не используются. Предполагается знание курса математического анализа, включая функции нескольких переменных, и основ линейной алгебры из школьной программы.Для студентов высших учебных заведений. Может быть полезно аспирантам и преподавателям.
Sprog:russisk
Udgivet: Москва, Академия, 2008
Serier:Университетский учебник. Прикладная математика и информатика
Fag:
Format: MixedMaterials Bog
KOHA link:https://koha.lib.tpu.ru/cgi-bin/koha/opac-detail.pl?biblionumber=130496

MARC

LEADER 00000nam0a2200000 4500
001 130496
005 20231031133920.0
010 |a 9785769542008 
035 |a (RuTPU)RU\TPU\book\141340 
090 |a 130496 
100 |a 20080205d2008 m y0rusy50 ca 
101 0 |a rus 
102 |a RU 
105 |a a j 001zy 
200 1 |a Теория вероятностей  |e учебное пособие  |f В. Н. Тутубалин 
210 |a Москва  |c Академия  |d 2008 
215 |a 368 с.  |c ил. 
225 1 |a Университетский учебник. Прикладная математика и информатика 
320 |a Список литературы: с. 353. 
320 |a Предметный указатель: с. 354-356. 
330 |a В учебном пособии излагается основное математическое содержание теории вероятностей и даются разнообразные примеры ее применения, в том числе основные приемы статистической обработки наблюдений. Понятия меры и интеграла Лебега в книге не используются. Предполагается знание курса математического анализа, включая функции нескольких переменных, и основ линейной алгебры из школьной программы.Для студентов высших учебных заведений. Может быть полезно аспирантам и преподавателям. 
610 1 |a математика 
610 1 |a теория вероятностей 
610 1 |a случайные величины 
610 1 |a закон больших чисел 
610 1 |a закон Пуассона 
610 1 |a непрерывное распределение 
610 1 |a вероятности 
610 1 |a центральная предельная теорема 
610 1 |a применение 
610 1 |a выборки 
610 1 |a статистическая обработка 
610 1 |a метод наименьших квадратов 
610 1 |a стохастическая зависимость 
675 |a 519.21(075.8)  |v 3 
700 1 |a Тутубалин  |b В. Н.  |g Валерий Николаевич 
801 1 |a RU  |b 63413507  |c 20080205  |g PSBO 
801 2 |a RU  |b 63413507  |c 20150508  |g PSBO 
900 |a Теория вероятностей и математическая статистика 
900 |a Теория вероятностей, математическая статистика и случайные процессы 
942 |c BK 
951 |b 010500  |b 010501  |b 090100  |b 230100  |b 230200 
959 |a 12/20080201  |d 1  |e 0  |f ЧЗТЛ:1 
959 |a 50/20080519  |d 4  |e 0  |f АНЛ:1  |f УФ:3